000 00804nam a2200205Ia 4500
003 GCL
008 140319s9999 xx 000 0 ara d
020 _a5855101977
040 _aGCL /
_cGCL
082 0 4 _aق
_b380.1092
_bس ت
100 1 _aسليمان محمد حسين حسانين
245 1 0 _aتجار القاهرة فى القرنين السادس عشر والسابع عشر /
_cسليمان محمد حسين حسانين
260 _aالقاهرة :
_bالهيئة المصرية العامة للكتاب ،
_c2003
300 _a334 ص ؛
_c22 سم
490 _aتاريخ المصريين
_v241
650 0 4 _aمصر - تاريخ - العصر العثمانى ( 1517-1914 م )
650 0 4 _aالتجار - تراجم
650 0 4 _aالتجار - القاهرة
942 _2ddc
_cBK
999 _c56545
_d56545